Mạch số : ( Dùng cho sinh viên Đại học ngành Điện tử, Viễn thông, Tự động hóa, Tin học ... )
Gespeichert in:
| 1. Verfasser: | |
|---|---|
| Format: | Buch |
| Sprache: | Undetermined |
| Veröffentlicht: |
Thành phố Hồ Chí Minh
Thống Kê
2001
|
| Schlagworte: | |
| Tags: |
Tag hinzufügen
Keine Tags, Fügen Sie den ersten Tag hinzu!
|
| Thư viện lưu trữ: | Trung tâm Học liệu Trường Đại học Cần Thơ |
|---|
| LEADER | 00677nam a2200193Ia 4500 | ||
|---|---|---|---|
| 001 | CTU_42508 | ||
| 008 | 210402s9999 xx 000 0 und d | ||
| 082 | |a 621.382 | ||
| 082 | |b Ph561 | ||
| 100 | |a Nguyễn, Hữu Phương | ||
| 245 | 0 | |a Mạch số : | |
| 245 | 0 | |b ( Dùng cho sinh viên Đại học ngành Điện tử, Viễn thông, Tự động hóa, Tin học ... ) | |
| 245 | 0 | |c Nguyễn Hữu Phương | |
| 260 | |a Thành phố Hồ Chí Minh | ||
| 260 | |b Thống Kê | ||
| 260 | |c 2001 | ||
| 650 | |a Digital electronics,Electronic circuits | ||
| 904 | |i Qhieu sua | ||
| 980 | |a Trung tâm Học liệu Trường Đại học Cần Thơ | ||